000 00326nam a2200109Ia 4500
008 171204s9999 xx 000 0 und d
245 _aDigital SLR Cameras and Photography For Dummies:
245 _cDavid D. Busch
260 _c2014
650 _xDIGITAL PHOTOGRAPHY
856 _uhttp://down.ebook777.com/011/9781118951293.pdf
999 _c346044
_d346044